Focus sur: Amelia Bones - Harry Potter - Statistiques

Statistiques générales
  • Ce quiz a été pris 121 fois
    105 depuis la dernière actualisation
  • Le résultat moyen est 7 sur 9
Statistiques - réponses
Informations recherchées Réponses % Correct
Ecole fréquentée Poudlard
100%
Maison fréquentée (probablement) Poufsouffle
97%
Première apparition Harry Potter et l'Ordre du Phénix
93%
Nièce Susan Bones
91%
Profession Directrice du département de la Justice magique
82%
Lieu de rencontre avec Harry Potter Ministère de la Magie
80%
Couleur des cheveux Gris
68%
Frère Edgar Bones
27%
Actrice l'interprétant dans les films Sian Thomas
17%
Aucun quiz correspondant
Distribution des résultats
% des personnes avec chaque résultat
Percentile par nombre de réponses
Votre historique - résultats
Vous n’avez pas pris ce quiz depuis la dernière actualisation